| 000 | 01082nam a22002537a 4500 | ||
|---|---|---|---|
| 005 | 20120131124536.0 | ||
| 008 | 120131s2010 na|||||r|||| 001 0 eng d | ||
| 020 | _a0444529535 | ||
| 020 | _a9780444529534 | ||
| 082 |
_222 _a622.338 _bKUC |
||
| 100 |
_928463 _aKuchuk, Fikri |
||
| 245 |
_aPressure transient formation and well testing : _bconvolution, deconvolution and nonlinear estimation / _cby Fikri Kuchuk, Mustafa Onur, Florian Hollaender. |
||
| 260 |
_aAmsterdam : _bElsevier Science, _c2010. |
||
| 300 |
_axxv, 389 p., _b[5] p. of plates : |b ill. ; _c24 cm. |
||
| 490 |
_928464 _aDevelopments in petroleum science ; _v57 |
||
| 504 | _6Includes bibliographical references and index. | ||
| 650 |
_928465 _aHydrocarbon reservoirs _xTesting. |
||
| 650 |
_928466 _aPorous materials _xPermeability |
||
| 653 |
_bpet _cJanuary2012 |
||
| 700 |
_928467 _aOnur, Mustafa |
||
| 700 |
_928468 _aHollaender, Florian |
||
| 942 |
_2ddc _cBB |
||
| 999 |
_c16354 _d16354 |
||